First Characters in Each Chapter - Prisoner of Azkaban Quiz Stats

 Plays Quiz not verified by Sporcle

Challenge
Share
Tweet
Embed
Score 0/66 Timer 07:00
0 Plays Today
Chapter Characters % Correct
Owl PostHarry Potter
100%
Aunt Marge's Big MistakeHarry Potter
100%
The Knight BusHarry Potter
100%
The Leaky CauldronHarry Potter
100%
The DementorHarry Potter
100%
Talons and Tea LeavesHarry Potter
100%
The Boggart in the WardrobeHarry Potter
100%
Flight of the Fat LadyHarry Potter
100%
The Marauder's MapHarry Potter
100%
The FireboltHarry Potter
100%
The PatronusHarry Potter
100%
Gryffindor vs. RavenclawHarry Potter
100%
The Quidditch FinalHarry Potter
100%
Professor Trelawney's PredictionHarry Potter
100%
Cat, Rat, and DogHarry Potter
100%
Moony, Wormtail, Padfoot, and ProngsHarry Potter
100%
The Servant of Lord VoldemortHarry Potter
100%
The Dementor's KissHarry Potter
100%
Hermione's SecretHarry Potter
100%
Owl Post AgainHarry Potter
100%
The Knight BusRon Weasley
99.5%
Talons and Tea LeavesRon Weasley
99.5%
The PatronusRon Weasley
99.5%
Gryffindor vs. RavenclawRon Weasley
99.5%
Cat, Rat, and DogRon Weasley
99.5%
Moony, Wormtail, Padfoot, and ProngsRon Weasley
99.5%
The Knight BusHermione Granger
99.2%
Talons and Tea LeavesHermione Granger
99.2%
The PatronusHermione Granger
99.2%
Gryffindor vs. RavenclawHermione Granger
99.2%
The Quidditch FinalHermione Granger
99.2%
Moony, Wormtail, Padfoot, and ProngsHermione Granger
99.2%
The Servant of Lord VoldemortHermione Granger
99.2%
Chapter Characters % Correct
Owl Post AgainHermione Granger
99.2%
Aunt Marge's Big MistakeVernon Dursley
98.5%
Aunt Marge's Big MistakeDudley Dursley
97.9%
Flight of the Fat LadyRemus Lupin
97.4%
The Dementor's KissRemus Lupin
97.4%
Grim DefeatAlbus Dumbledore
95.7%
The FireboltAlbus Dumbledore
95.7%
Owl Post AgainAlbus Dumbledore
95.7%
Hermione's SecretSeverus Snape
94.4%
The Leaky CauldronSirius Black
94.1%
Snape's GrudgeSirius Black
94.1%
The Servant of Lord VoldemortSirius Black
94.1%
Hermione's SecretSirius Black
94.1%
The Marauder's MapRubeus Hagrid
89.8%
The FireboltRubeus Hagrid
89.8%
Cat, Rat, and DogRubeus Hagrid
89.8%
Professor Trelawney's PredictionFred Weasley
89.7%
Professor Trelawney's PredictionGeorge Weasley
89.5%
Grim DefeatMinerva McGonagall
88.7%
Snape's GrudgeMinerva McGonagall
88.7%
The Leaky CauldronCornelius Fudge
87.1%
The DementorHedwig
85%
The Boggart in the WardrobeDraco Malfoy
80.9%
Flight of the Fat LadyDraco Malfoy
80.9%
The DementorTom
72.8%
The Dementor's KissCrookshanks
67.3%
Grim DefeatFilius Flitwick
66.7%
Snape's GrudgeFilius Flitwick
66.7%
The Quidditch FinalBuckbeak
61.8%
The Marauder's MapPoppy Pomfrey
61.2%
Owl PostBathilda Bagshot
48.3%
Owl PostWendelin the Weird
43.7%
The Boggart in the WardrobePansy Parkinson
41.5%

You're not logged in!

Compare scores with friends on all Sporcle quizzes.
Join for Free
OR
Log In

You Might Also Like...

Show Comments

Extras

Created Aug 16, 2012ReportNominate
Tags:Harry Potter Quiz

Top Quizzes Today


Score Distribution

Your Account Isn't Verified!

In order to create a playlist on Sporcle, you need to verify the email address you used during registration. Go to your Sporcle Settings to finish the process.

Report this User

Report this user for behavior that violates our Community Guidelines.

Details: